[Event "escc2023_65"]
[Site "?"]
[Date "2023.05.30"]
[Round "5.10"]
[White "Serra Olives, Tomas"]
[Black "Wengholm, Anders"]
[Result "1/2-1/2"]
[BlackElo "2167"]
[WhiteElo "2004"]
[LiveChessVersion "1.4.8"]

1. e4 {[%clk 1:30:55]} c5 {[%clk 1:30:45]} 2. Nf3 {[%clk 1:31:18]} e6
{[%clk 1:30:42]} 3. d4 {[%clk 1:31:42]} cxd4 {[%clk 1:31:05]} 4. Nxd4
{[%clk 1:32:08]} Nf6 {[%clk 1:30:17]} 5. Nc3 {[%clk 1:32:31]} d6 {[%clk 1:30:32]}
6. Be3 {[%clk 1:31:59]} a6 {[%clk 1:30:32]} 7. f3 {[%clk 1:28:39]} b5
{[%clk 1:29:25]} 8. Qd2 {[%clk 1:26:47]} Nbd7 {[%clk 1:28:56]} 9. a4
{[%clk 1:21:01]} b4 {[%clk 1:27:08]} 10. Nce2 {[%clk 1:19:17]} d5
{[%clk 1:27:14]} 11. Ng3 {[%clk 1:16:54]} Bb7 {[%clk 1:23:11]} 12. Bd3
{[%clk 1:16:39]} dxe4 {[%clk 1:14:18]} 13. Nxe4 {[%clk 1:12:11]} Nxe4
{[%clk 1:14:38]} 14. Bxe4 {[%clk 1:09:55]} Bxe4 {[%clk 1:14:36]} 15. fxe4
{[%clk 1:10:00]} Qh4+ {[%clk 1:07:58]} 16. Qf2 {[%clk 1:10:15]} Qxe4
{[%clk 1:07:06]} 17. O-O {[%clk 1:10:37]} Nf6 {[%clk 1:07:00]} 18. Rae1
{[%clk 1:09:34]} Be7 {[%clk 0:56:18]} 19. Bh6 {[%clk 0:46:21]} Qg6
{[%clk 0:50:21]} 20. Nc6 {[%clk 0:46:20]} Ng4 {[%clk 0:25:39]} 21. Nxe7
{[%clk 0:35:53]} Nxf2 {[%clk 0:25:13]} 22. Nxg6 {[%clk 0:36:17]} hxg6
{[%clk 0:25:20]} 23. Bxg7 {[%clk 0:33:15]} Rh7 {[%clk 0:25:43]} 24. Bd4
{[%clk 0:32:10]} Ng4 {[%clk 0:26:06]} 25. h3 {[%clk 0:32:28]} Nh6
{[%clk 0:26:29]} 26. Bc5 {[%clk 0:28:07]} Rb8 {[%clk 0:26:11]} 27. Rf2
{[%clk 0:26:13]} Nf5 {[%clk 0:25:23]} 28. Rd2 {[%clk 0:26:17]} Ne7
{[%clk 0:23:17]} 29. Bxe7 {[%clk 0:26:24]} Kxe7 {[%clk 0:23:37]} 30. Red1
{[%clk 0:26:52]} Rb7 {[%clk 0:22:20]} 31. Rd6 {[%clk 0:26:30]} a5
{[%clk 0:22:40]} 32. Rc6 {[%clk 0:23:57]} 1/2-1/2

[Event "escc2023_65"]
[Site "?"]
[Date "2023.05.30"]
[Round "5.11"]
[White "Chapman, Terry P D"]
[Black "Raynes, Paul"]
[Result "1-0"]
[BlackElo "2077"]
[WhiteElo "2204"]
[LiveChessVersion "1.4.8"]

1. d4 {[%clk 1:30:57]} e6 {[%clk 1:30:14]} 2. Nf3 {[%clk 1:27:46]} f5
{[%clk 1:30:16]} 3. g3 {[%clk 1:27:58]} Nf6 {[%clk 1:30:37]} 4. Bg2
{[%clk 1:28:22]} Be7 {[%clk 1:30:48]} 5. c4 {[%clk 1:28:09]} d6 {[%clk 1:30:06]}
6. Nc3 {[%clk 1:27:49]} O-O {[%clk 1:30:17]} 7. O-O {[%clk 1:27:29]} a5
{[%clk 1:29:41]} 8. b3 {[%clk 1:26:44]} Na6 {[%clk 1:29:03]} 9. Bb2
{[%clk 1:26:43]} Qe8 {[%clk 1:27:58]} 10. Re1 {[%clk 1:22:26]} Qg6
{[%clk 1:23:22]} 11. Qb1 {[%clk 1:19:44]} Ne4 {[%clk 1:19:07]} 12. Nxe4
{[%clk 1:04:37]} fxe4 {[%clk 1:19:31]} 13. Nd2 {[%clk 1:04:56]} d5
{[%clk 1:18:35]} 14. f3 {[%clk 1:02:46]} Bb4 {[%clk 1:14:56]} 15. Rd1
{[%clk 1:01:55]} Bxd2 {[%clk 1:10:24]} 16. Rxd2 {[%clk 1:02:16]} Qh6
{[%clk 1:10:21]} 17. Qc1 {[%clk 0:49:28]} Bd7 {[%clk 0:57:30]} 18. Rd1
{[%clk 0:47:35]} Qh5 {[%clk 0:54:00]} 19. Qe3 {[%clk 0:45:12]} Nb4
{[%clk 0:49:48]} 20. Rd2 {[%clk 0:45:09]} Rf6 {[%clk 0:47:27]} 21. f4
{[%clk 0:35:56]} Rh6 {[%clk 0:47:04]} 22. h4 {[%clk 0:35:08]} Rg6
{[%clk 0:46:17]} 23. Kh2 {[%clk 0:34:38]} Rf8 {[%clk 0:44:06]} 24. Bh3
{[%clk 0:33:56]} Bc6 {[%clk 0:41:57]} 25. a3 {[%clk 0:33:25]} Na6
{[%clk 0:42:03]} 26. Bc3 {[%clk 0:30:54]} a4 {[%clk 0:40:37]} 27. bxa4
{[%clk 0:27:43]} dxc4 {[%clk 0:38:47]} 28. a5 {[%clk 0:18:25]} Rf7
{[%clk 0:32:38]} 29. Qf2 {[%clk 0:17:54]} Qd5 {[%clk 0:28:18]} 30. e3
{[%clk 0:12:43]} h5 {[%clk 0:26:39]} 31. Qe2 {[%clk 0:09:38]} b5 {[%clk 0:20:53]}
32. axb6 {[%clk 0:06:00]} cxb6 {[%clk 0:21:19]} 33. f5 {[%clk 0:05:48]} Rxf5
{[%clk 0:15:38]} 34. Bxf5 {[%clk 0:06:01]} exf5 {[%clk 0:15:33]} 35. Qf2
{[%clk 0:04:28]} Rg4 {[%clk 0:13:56]} 36. Rb1 {[%clk 0:03:22]} b5
{[%clk 0:12:21]} 37. Bb4 {[%clk 0:03:40]} Nc7 {[%clk 0:10:59]} 38. Rf1
{[%clk 0:02:59]} Bd7 {[%clk 0:09:17]} 39. Be7 {[%clk 0:02:55]} g6
{[%clk 0:06:19]} 40. Bd8 {[%clk 0:00:49]} Ne6 {[%clk 0:06:23]} 41. Bf6
{[%clk 0:01:16]} Bc6 {[%clk 0:04:58]} 42. Qe1 {[%clk 0:29:20]} Nf8
{[%clk 0:29:37]} 43. Be5 {[%clk 0:27:23]} Nd7 {[%clk 0:28:19]} 44. Bf4
{[%clk 0:24:14]} Nb6 {[%clk 0:26:46]} 45. Rc2 {[%clk 0:23:04]} Na4
{[%clk 0:26:02]} 46. Qb4 {[%clk 0:22:53]} Kf7 {[%clk 0:23:48]} 47. Rd1
{[%clk 0:22:34]} Bd7 {[%clk 0:20:58]} 48. Rdd2 {[%clk 0:20:52]} Bc6
{[%clk 0:20:53]} 49. Qa5 {[%clk 0:21:10]} Qd7 {[%clk 0:18:42]} 50. Qb4
{[%clk 0:17:17]} Bd5 {[%clk 0:18:36]} 51. Rc1 {[%clk 0:17:28]} Qc6
{[%clk 0:17:35]} 52. Bh6 {[%clk 0:16:47]} Qd7 {[%clk 0:14:33]} 53. Qf8+
{[%clk 0:17:02]} Ke6 {[%clk 0:15:02]} 54. Bf4 {[%clk 0:11:43]} Qe7
{[%clk 0:09:43]} 55. Qb8 {[%clk 0:10:54]} Qd7 {[%clk 0:07:44]} 56. Rdc2
{[%clk 0:10:29]} Kf7 {[%clk 0:07:15]} 57. Rb1 {[%clk 0:10:15]} Bc6
{[%clk 0:07:16]} 58. Kh3 {[%clk 0:09:57]} Qd5 {[%clk 0:06:19]} 59. Qc7+
{[%clk 0:10:09]} Qd7 {[%clk 0:06:20]} 60. Qb8 {[%clk 0:10:17]} Qe8
{[%clk 0:06:01]} 61. Qc7+ {[%clk 0:10:03]} Qd7 {[%clk 0:06:19]} 62. Qe5
{[%clk 0:10:10]} Qe6 {[%clk 0:06:11]} 63. Qh8 {[%clk 0:10:16]} Qe8
{[%clk 0:05:26]} 64. Qh7+ {[%clk 0:10:19]} Ke6 {[%clk 0:05:35]} 65. Qg7
{[%clk 0:09:10]} Kd5 {[%clk 0:05:29]} 66. Rb4 {[%clk 0:07:08]} Qe6
{[%clk 0:05:18]} 67. Qa7 {[%clk 0:07:23]} Qd7 {[%clk 0:05:07]} 68. Qa6
{[%clk 0:06:08]} Ke6 {[%clk 0:04:55]} 69. Rxa4 {[%clk 0:06:11]} bxa4
{[%clk 0:05:23]} 70. Qxc4+ {[%clk 0:06:34]} Bd5 {[%clk 0:05:44]} 71. Qa6+
{[%clk 0:06:35]} 1-0

[Event "escc2023_65"]
[Site "?"]
[Date "2023.05.30"]
[Round "5.12"]
[White "Vepkhvishvili, Varlam"]
[Black "Luminet, Denis"]
[Result "1-0"]
[BlackElo "2146"]
[WhiteElo "2037"]
[LiveChessVersion "1.4.8"]

1. Nf3 {[%clk 1:30:57]} e6 {[%clk 1:30:32]} 2. c3 {[%clk 1:31:04]} b6
{[%clk 1:30:00]} 3. d4 {[%clk 1:31:24]} Bb7 {[%clk 1:30:01]} 4. Bf4
{[%clk 1:31:44]} Nf6 {[%clk 1:28:46]} 5. e3 {[%clk 1:32:05]} Be7 {[%clk 1:27:33]}
6. h3 {[%clk 1:32:23]} O-O {[%clk 1:18:27]} 7. Be2 {[%clk 1:32:44]} Ne4
{[%clk 1:05:47]} 8. O-O {[%clk 1:31:11]} d6 {[%clk 0:59:30]} 9. Nbd2
{[%clk 1:30:53]} Nd7 {[%clk 0:56:59]} 10. Nxe4 {[%clk 1:29:34]} Bxe4
{[%clk 0:57:22]} 11. b4 {[%clk 1:29:04]} Nf6 {[%clk 0:55:43]} 12. Bh2
{[%clk 1:29:07]} a5 {[%clk 0:52:53]} 13. b5 {[%clk 1:28:09]} Qd7 {[%clk 0:49:07]}
14. a4 {[%clk 1:28:22]} c5 {[%clk 0:40:02]} 15. c4 {[%clk 1:23:30]} Rac8
{[%clk 0:35:15]} 16. Nd2 {[%clk 1:22:21]} Bb7 {[%clk 0:29:34]} 17. Nb3
{[%clk 1:22:15]} Ne4 {[%clk 0:26:14]} 18. dxc5 {[%clk 1:12:20]} Nxc5
{[%clk 0:26:23]} 19. Nxc5 {[%clk 1:10:19]} Rxc5 {[%clk 0:26:14]} 20. Qd2
{[%clk 1:08:44]} Qc8 {[%clk 0:23:22]} 21. Rac1 {[%clk 1:06:38]} Rd8
{[%clk 0:23:01]} 22. Rc2 {[%clk 1:00:16]} d5 {[%clk 0:22:17]} 23. Qc1
{[%clk 0:59:49]} dxc4 {[%clk 0:20:25]} 24. Rxc4 {[%clk 1:00:06]} Rxc4
{[%clk 0:16:20]} 25. Bxc4 {[%clk 0:59:46]} Bc5 {[%clk 0:16:01]} 26. Be5
{[%clk 0:59:48]} Qa8 {[%clk 0:13:50]} 27. f3 {[%clk 0:57:56]} Qc8
{[%clk 0:13:14]} 28. Kh2 {[%clk 0:56:13]} g6 {[%clk 0:09:55]} 29. Ba1
{[%clk 0:53:34]} Qc7+ {[%clk 0:07:30]} 30. f4 {[%clk 0:51:13]} h5
{[%clk 0:06:33]} 31. Qc3 {[%clk 0:51:19]} e5 {[%clk 0:05:44]} 32. fxe5
{[%clk 0:49:42]} Rd7 {[%clk 0:06:07]} 33. Kh1 {[%clk 0:49:09]} Bxe3
{[%clk 0:05:49]} 34. e6 {[%clk 0:49:09]} Bd4 {[%clk 0:06:03]} 35. exf7+
{[%clk 0:46:19]} Kf8 {[%clk 0:06:27]} 36. Qxd4 {[%clk 0:46:21]} Rxd4
{[%clk 0:06:28]} 37. Bxd4 {[%clk 0:46:43]} Qc8 {[%clk 0:02:56]} 38. Be6
{[%clk 0:45:29]} Bxg2+ {[%clk 0:02:59]} 39. Kxg2 {[%clk 0:45:32]} Qc2+
{[%clk 0:03:25]} 40. Kg1 {[%clk 0:45:33]} 1-0

[Event "escc2023_65"]
[Site "?"]
[Date "2023.05.30"]
[Round "5.13"]
[White "Van Hoolandt, Patrick"]
[Black "Madebrink, Lars"]
[Result "0-1"]
[BlackElo "2136"]
[WhiteElo "2035"]
[LiveChessVersion "1.4.8"]

1. d4 {[%clk 1:30:57]} Nf6 {[%clk 1:30:23]} 2. c4 {[%clk 1:31:19]} e6
{[%clk 1:30:40]} 3. Nc3 {[%clk 1:31:44]} d5 {[%clk 1:30:56]} 4. Bg5
{[%clk 1:30:22]} Be7 {[%clk 1:30:40]} 5. e3 {[%clk 1:29:16]} O-O {[%clk 1:30:13]}
6. Nf3 {[%clk 1:28:17]} Nbd7 {[%clk 1:28:22]} 7. cxd5 {[%clk 1:28:15]} exd5
{[%clk 1:27:27]} 8. Qc2 {[%clk 1:27:37]} c6 {[%clk 1:24:53]} 9. Bd3
{[%clk 1:28:00]} Re8 {[%clk 1:24:34]} 10. O-O {[%clk 1:28:23]} h6
{[%clk 1:23:05]} 11. Bf4 {[%clk 1:28:48]} Nf8 {[%clk 1:19:39]} 12. h3
{[%clk 1:26:10]} Be6 {[%clk 1:17:18]} 13. Rab1 {[%clk 1:25:33]} a5
{[%clk 1:07:50]} 14. a3 {[%clk 1:25:54]} N8d7 {[%clk 1:07:21]} 15. b4
{[%clk 1:13:55]} axb4 {[%clk 1:06:42]} 16. axb4 {[%clk 1:14:22]} b5
{[%clk 1:07:02]} 17. Rfd1 {[%clk 1:07:25]} Ra6 {[%clk 1:03:41]} 18. Ne5
{[%clk 0:37:18]} Qb6 {[%clk 1:02:21]} 19. Nxd7 {[%clk 0:26:07]} Bxd7
{[%clk 1:01:32]} 20. Bg3 {[%clk 0:18:44]} Be6 {[%clk 1:00:15]} 21. f4
{[%clk 0:18:33]} Bd6 {[%clk 0:58:15]} 22. Bf2 {[%clk 0:18:50]} Qd8
{[%clk 0:55:27]} 23. Rdc1 {[%clk 0:09:39]} Bd7 {[%clk 0:54:44]} 24. Rb2
{[%clk 0:05:43]} Qe7 {[%clk 0:52:37]} 25. Rcb1 {[%clk 0:06:10]} Rea8
{[%clk 0:51:43]} 26. Bf5 {[%clk 0:01:25]} Bxf5 {[%clk 0:35:40]} 27. Qxf5
{[%clk 0:01:53]} Nd7 {[%clk 0:35:57]} 28. Qc2 {[%clk 0:00:34]} Nb6
{[%clk 0:35:58]} 29. Rb3 {[%clk 0:00:38]} Nc4 {[%clk 0:35:39]} 30. Qd3
{[%clk 0:01:01]} Ra1 {[%clk 0:34:41]} 31. Nd1 {[%clk 0:01:04]} Rxb1
{[%clk 0:33:53]} 32. Rxb1 {[%clk 0:01:33]} Bxb4 {[%clk 0:33:57]} 33. Kh2
{[%clk 0:00:53]} Bd6 {[%clk 0:33:50]} 34. Be1 {[%clk 0:00:34]} Ra3
{[%clk 0:32:01]} 35. Rb3 {[%clk 0:00:47]} Rxb3 {[%clk 0:31:20]} 36. Qxb3
{[%clk 0:01:15]} Bxf4+ {[%clk 0:31:41]} 37. exf4 {[%clk 0:01:44]} Qxe1
{[%clk 0:32:02]} 38. Qd3 {[%clk 0:01:05]} Nd2 {[%clk 0:29:00]} 39. Nc3
{[%clk 0:00:34]} Nf1+ {[%clk 0:28:13]} 40. Kg1 {[%clk 0:00:56]} Ne3+
{[%clk 0:28:09]} 41. Kh2 {[%clk 0:01:21]} Qf2 {[%clk 0:27:57]} 0-1

[Event "escc2023_65"]
[Site "?"]
[Date "2023.05.30"]
[Round "5.14"]
[White "Giacomini, Hector"]
[Black "Myall, Ivan J"]
[Result "1/2-1/2"]
[BlackElo "1924"]
[WhiteElo "2126"]
[LiveChessVersion "1.4.8"]

1. Nf3 {[%clk 1:30:57]} d5 {[%clk 1:30:53]} 2. e3 {[%clk 1:31:22]} c5
{[%clk 1:31:03]} 3. d4 {[%clk 1:31:44]} Nc6 {[%clk 1:30:51]} 4. c3
{[%clk 1:32:05]} e6 {[%clk 1:30:26]} 5. Nbd2 {[%clk 1:32:25]} Nf6
{[%clk 1:30:03]} 6. Bd3 {[%clk 1:32:49]} cxd4 {[%clk 1:29:37]} 7. exd4
{[%clk 1:33:08]} Bd6 {[%clk 1:29:56]} 8. O-O {[%clk 1:33:15]} O-O
{[%clk 1:29:57]} 9. Re1 {[%clk 1:33:25]} Qc7 {[%clk 1:28:46]} 10. Qe2
{[%clk 1:29:48]} a6 {[%clk 1:16:07]} 11. Ne5 {[%clk 1:21:09]} b5 {[%clk 1:16:18]}
12. a3 {[%clk 1:10:41]} Na5 {[%clk 1:13:32]} 13. Nf1 {[%clk 1:10:10]} Bb7
{[%clk 1:05:06]} 14. Ng3 {[%clk 1:08:30]} Nb3 {[%clk 1:02:54]} 15. Rb1
{[%clk 1:08:35]} Nxc1 {[%clk 1:02:50]} 16. Rbxc1 {[%clk 1:09:00]} Rfe8
{[%clk 0:46:38]} 17. Rcd1 {[%clk 1:00:49]} Bf8 {[%clk 0:44:18]} 18. Qf3
{[%clk 0:58:21]} Rab8 {[%clk 0:44:33]} 19. Re3 {[%clk 0:54:46]} Ba8
{[%clk 0:42:53]} 20. b4 {[%clk 0:52:46]} Qe7 {[%clk 0:38:28]} 21. Ra1
{[%clk 0:51:12]} g6 {[%clk 0:36:09]} 22. a4 {[%clk 0:50:27]} Bg7 {[%clk 0:36:13]}
23. axb5 {[%clk 0:50:38]} axb5 {[%clk 0:36:34]} 24. Ra5 Nd7 {[%clk 0:33:30]} 25.
Nxd7 {[%clk 0:31:20]} Qxd7 {[%clk 0:33:49]} 26. Qe2 {[%clk 0:31:00]} Bc6
{[%clk 0:33:15]} 27. Qa2 {[%clk 0:23:58]} Rec8 {[%clk 0:30:37]} 28. Ne2
{[%clk 0:17:56]} Rc7 {[%clk 0:27:56]} 29. Nc1 {[%clk 0:13:35]} Bh6
{[%clk 0:28:11]} 30. Re1 {[%clk 0:13:58]} Bxc1 {[%clk 0:28:12]} 31. Rxc1
{[%clk 0:14:25]} Rbc8 {[%clk 0:25:54]} 32. Qe2 {[%clk 0:14:24]} Qd6
{[%clk 0:21:13]} 33. Ra6 {[%clk 0:14:14]} Qf4 {[%clk 0:21:04]} 34. Qe3
{[%clk 0:12:43]} Qxe3 {[%clk 0:18:58]} 35. fxe3 {[%clk 0:13:07]} Be8
{[%clk 0:16:42]} 36. Ra3 {[%clk 0:13:22]} Kg7 {[%clk 0:15:45]} 37. Kf2
{[%clk 0:13:43]} f6 {[%clk 0:13:52]} 38. Ke2 {[%clk 0:13:35]} e5 {[%clk 0:14:08]}
39. Kd2 {[%clk 0:13:39]} exd4 {[%clk 0:10:32]} 40. exd4 {[%clk 0:14:02]} Re7
{[%clk 0:08:47]} 41. Ra6 {[%clk 0:11:53]} Rb8 {[%clk 0:29:25]} 42. Rca1
{[%clk 0:41:51]} Reb7 {[%clk 0:25:25]} 43. Rd6 {[%clk 0:40:15]} Bf7
{[%clk 0:24:53]} 44. Be2 {[%clk 0:40:15]} Rb6 {[%clk 0:23:26]} 45. Rxb6
{[%clk 0:38:29]} Rxb6 {[%clk 0:23:51]} 46. Ra7 {[%clk 0:38:54]} Kf8
{[%clk 0:21:42]} 47. Bf3 {[%clk 0:38:42]} Ke8 {[%clk 0:21:46]} 48. Kc2
{[%clk 0:26:48]} h5 {[%clk 0:19:58]} 49. Rc7 {[%clk 0:26:55]} g5 {[%clk 0:19:51]}
50. Rc5 {[%clk 0:26:38]} Bg6+ {[%clk 0:19:34]} 51. Kd2 {[%clk 0:25:22]} Be4
{[%clk 0:19:44]} 52. Bxh5+ {[%clk 0:25:37]} Ke7 {[%clk 0:19:59]} 53. g3
{[%clk 0:22:28]} Ra6 {[%clk 0:18:59]} 54. Ke3 {[%clk 0:17:42]} Ra2
{[%clk 0:18:36]} 55. Bf3 {[%clk 0:17:50]} Bxf3 {[%clk 0:18:16]} 56. Kxf3
{[%clk 0:18:13]} Rxh2 {[%clk 0:18:42]} 57. Rxd5 {[%clk 0:18:18]} Rc2
{[%clk 0:18:41]} 58. Rc5 {[%clk 0:18:31]} Ke6 {[%clk 0:16:16]} 59. g4
{[%clk 0:18:42]} Rc1 {[%clk 0:16:22]} 60. Rc6+ {[%clk 0:16:59]} Kd5
{[%clk 0:15:37]} 61. Rc5+ {[%clk 0:17:17]} Ke6 {[%clk 0:14:46]} 62. Ke4
{[%clk 0:15:34]} Re1+ {[%clk 0:14:26]} 63. Kd3 {[%clk 0:15:25]} Rg1
{[%clk 0:14:42]} 64. Rxb5 {[%clk 0:15:50]} Rxg4 {[%clk 0:15:07]} 65. c4
{[%clk 0:15:51]} Rg3+ {[%clk 0:15:27]} 66. Ke2 {[%clk 0:16:06]} f5
{[%clk 0:15:04]} 67. Rb6+ {[%clk 0:16:18]} Kd7 {[%clk 0:14:43]} 68. b5
{[%clk 0:15:48]} Rg4 {[%clk 0:12:55]} 69. c5 {[%clk 0:14:16]} Rxd4
{[%clk 0:13:16]} 70. c6+ {[%clk 0:14:31]} Kc8 {[%clk 0:11:29]} 71. Rb7
{[%clk 0:14:47]} Rb4 {[%clk 0:09:52]} 72. b6 {[%clk 0:12:06]} g4 {[%clk 0:07:59]}
73. Rc7+ {[%clk 0:11:40]} Kb8 {[%clk 0:08:23]} 1/2-1/2

[Event "escc2023_65"]
[Site "?"]
[Date "2023.05.30"]
[Round "5.15"]
[White "Adler, Doron"]
[Black "Gal, Moshe"]
[Result "0-1"]
[BlackElo "2095"]
[WhiteElo "1766"]
[LiveChessVersion "1.4.8"]

1. b3 {[%clk 1:30:51]} Nf6 {[%clk 1:30:49]} 2. Bb2 {[%clk 1:31:13]} g6
{[%clk 1:31:01]} 3. e4 {[%clk 1:30:02]} Bg7 {[%clk 1:30:52]} 4. d3
{[%clk 1:30:17]} d6 {[%clk 1:28:39]} 5. g3 {[%clk 1:30:09]} h5 {[%clk 1:25:28]}
6. h3 {[%clk 1:30:22]} c5 {[%clk 1:24:13]} 7. Bg2 {[%clk 1:30:43]} Nc6
{[%clk 1:24:37]} 8. Ne2 {[%clk 1:31:00]} e5 {[%clk 1:23:01]} 9. O-O
{[%clk 1:29:30]} Be6 {[%clk 1:23:31]} 10. f4 {[%clk 1:28:17]} Qd7
{[%clk 1:23:15]} 11. Kh2 {[%clk 1:28:27]} h4 {[%clk 1:22:32]} 12. g4
{[%clk 1:26:14]} exf4 {[%clk 1:22:01]} 13. Nxf4 {[%clk 1:26:15]} Nxg4+
{[%clk 1:22:18]} 14. hxg4 {[%clk 1:25:14]} Bxb2 {[%clk 1:22:42]} 15. Nd2
{[%clk 1:24:40]} Bxg4 {[%clk 1:22:50]} 16. Nf3 {[%clk 1:24:11]} Be5
{[%clk 1:22:09]} 17. Qd2 {[%clk 1:23:09]} Bxf3 {[%clk 1:22:30]} 18. Bxf3
{[%clk 1:20:24]} g5 {[%clk 1:22:47]} 0-1

[Event "escc2023_65"]
[Site "?"]
[Date "2023.05.30"]
[Round "5.17"]
[White "Pritchett, Craig W"]
[Black "Barlocco, Carlo"]
[Result "1/2-1/2"]
[BlackElo "1893"]
[WhiteElo "2232"]
[LiveChessVersion "1.4.8"]

1. Nf3 {[%clk 1:30:51]} Nf6 {[%clk 1:29:18]} 2. c4 {[%clk 1:31:03]} e6
{[%clk 1:29:31]} 3. g3 {[%clk 1:30:27]} b6 {[%clk 1:28:00]} 4. Bg2
{[%clk 1:30:44]} Bb7 {[%clk 1:28:24]} 5. O-O {[%clk 1:30:43]} Be7
{[%clk 1:28:25]} 6. Nc3 {[%clk 1:29:10]} O-O {[%clk 1:28:40]} 7. Re1
{[%clk 1:26:17]} d5 {[%clk 1:22:41]} 8. cxd5 {[%clk 1:25:24]} exd5
{[%clk 1:20:14]} 9. d4 {[%clk 1:25:01]} c5 {[%clk 1:13:24]} 10. b3
{[%clk 1:14:27]} Nc6 {[%clk 1:09:15]} 11. Bb2 {[%clk 1:12:12]} Re8
{[%clk 1:07:17]} 12. e3 {[%clk 1:09:21]} Rc8 {[%clk 1:02:06]} 13. Rc1
{[%clk 1:08:09]} cxd4 {[%clk 0:51:21]} 14. Nxd4 {[%clk 1:06:47]} Qd7
{[%clk 0:46:29]} 15. a3 {[%clk 0:46:40]} Bf8 {[%clk 0:42:23]} 16. Nxc6
{[%clk 0:41:48]} Bxc6 {[%clk 0:42:13]} 17. Ne2 {[%clk 0:39:08]} Ne4
{[%clk 0:37:49]} 18. Nd4 {[%clk 0:38:04]} Bb7 {[%clk 0:37:29]} 19. Re2
{[%clk 0:27:11]} Rxc1 {[%clk 0:35:35]} 20. Qxc1 {[%clk 0:27:33]} Nc5
{[%clk 0:35:12]} 21. Rd2 {[%clk 0:23:43]} Rc8 {[%clk 0:32:19]} 22. Qd1
{[%clk 0:23:40]} Ne4 {[%clk 0:28:02]} 23. Rc2 {[%clk 0:24:00]} Be7
{[%clk 0:24:26]} 24. Rxc8+ {[%clk 0:23:28]} Qxc8 {[%clk 0:23:27]} 25. Qc2
{[%clk 0:16:04]} Bf6 {[%clk 0:18:31]} 26. Qxc8+ {[%clk 0:14:21]} Bxc8
{[%clk 0:18:59]} 27. Bf3 {[%clk 0:08:13]} Kf8 {[%clk 0:16:17]} 28. Bd1
{[%clk 0:07:05]} Bd7 {[%clk 0:16:23]} 29. f3 {[%clk 0:04:39]} Nc5
{[%clk 0:15:42]} 30. Bc2 {[%clk 0:04:27]} Ke7 {[%clk 0:13:27]} 31. Kf2
{[%clk 0:03:59]} g6 {[%clk 0:12:49]} 32. a4 {[%clk 0:03:22]} Be5 {[%clk 0:08:27]}
33. Nc6+ {[%clk 0:02:43]} Bxc6 {[%clk 0:08:30]} 34. Bxe5 {[%clk 0:03:10]} Kd7
{[%clk 0:07:30]} 35. Bc3 {[%clk 0:03:00]} a5 {[%clk 0:06:06]} 36. Bd4
{[%clk 0:03:11]} Bb7 {[%clk 0:06:11]} 37. Ke2 {[%clk 0:02:30]} Kd6
{[%clk 0:06:03]} 38. Kd2 {[%clk 0:02:37]} Ba6 {[%clk 0:06:09]} 39. h4
{[%clk 0:02:25]} Kc6 {[%clk 0:05:55]} 40. Bc3 {[%clk 0:01:39]} Bf1
{[%clk 0:06:09]} 41. b4 {[%clk 0:25:51]} axb4 {[%clk 0:36:13]} 42. Bxb4
{[%clk 0:26:19]} Bc4 {[%clk 0:36:13]} 43. Bc3 1/2-1/2

[Event "escc2023_65"]
[Site "?"]
[Date "2023.05.30"]
[Round "5.18"]
[White "Furman, Boris"]
[Black "Ranki, Martti"]
[Result "1-0"]
[BlackElo "1887"]
[WhiteElo "2142"]
[LiveChessVersion "1.4.8"]

1. d4 {[%clk 1:30:56]} d5 {[%clk 1:30:51]} 2. c4 {[%clk 1:31:18]} c6
{[%clk 1:31:04]} 3. cxd5 {[%clk 1:31:11]} cxd5 {[%clk 1:31:22]} 4. Nc3
{[%clk 1:31:35]} Nf6 {[%clk 1:31:36]} 5. Bf4 {[%clk 1:31:59]} e6 {[%clk 1:30:10]}
6. e3 {[%clk 1:32:16]} Bd6 {[%clk 1:29:34]} 7. Bxd6 {[%clk 1:32:14]} Qxd6
{[%clk 1:29:54]} 8. f4 {[%clk 1:32:36]} O-O {[%clk 1:28:36]} 9. Bd3
{[%clk 1:32:44]} a6 {[%clk 1:24:36]} 10. Nf3 {[%clk 1:32:50]} b5 {[%clk 1:24:35]}
11. O-O {[%clk 1:32:17]} Nbd7 {[%clk 1:22:14]} 12. Ne5 {[%clk 1:31:34]} Bb7
{[%clk 1:21:25]} 13. Rf3 {[%clk 1:24:25]} Ne4 {[%clk 1:17:52]} 14. Rh3
{[%clk 1:14:25]} g6 {[%clk 1:16:12]} 15. Qe1 {[%clk 1:12:42]} Qe7
{[%clk 1:12:44]} 16. g4 {[%clk 1:11:12]} f6 {[%clk 1:07:08]} 17. Nxd7
{[%clk 0:56:29]} Qxd7 18. Qh4 Rf7 {[%clk 1:01:48]} 19. Ne2 {[%clk 0:53:32]} Rc8
{[%clk 1:01:12]} 20. Rf1 {[%clk 0:52:59]} Qe7 {[%clk 0:58:53]} 21. f5
{[%clk 0:51:00]} gxf5 {[%clk 0:52:20]} 22. gxf5 {[%clk 0:49:47]} Rg7+
{[%clk 0:50:37]} 23. Kh1 {[%clk 0:49:45]} Ng5 {[%clk 0:47:26]} 24. Rg3
{[%clk 0:48:59]} e5 {[%clk 0:45:15]} 25. Rfg1 {[%clk 0:48:10]} Rc7
{[%clk 0:39:33]} 26. Qh6 {[%clk 0:44:34]} e4 {[%clk 0:36:10]} 27. Bb1
{[%clk 0:44:09]} Bc8 {[%clk 0:36:00]} 28. Nf4 {[%clk 0:42:18]} Qd6
{[%clk 0:26:08]} 29. Rxg5 {[%clk 0:40:28]} 1-0

[Event "escc2023_65"]
[Site "?"]
[Date "2023.05.30"]
[Round "5.19"]
[White "Erdogan, Hassan"]
[Black "Rodella, Franco"]
[Result "1-0"]
[BlackElo "2035"]
[WhiteElo "1831"]
[LiveChessVersion "1.4.8"]

1. d4 {[%clk 1:30:57]} d5 {[%clk 1:30:35]} 2. Nf3 {[%clk 1:31:06]} Bf5
{[%clk 1:30:17]} 3. e3 {[%clk 1:31:01]} Nf6 {[%clk 1:30:17]} 4. Bd3
{[%clk 1:31:15]} Bxd3 {[%clk 1:30:00]} 5. Qxd3 {[%clk 1:31:15]} c6
{[%clk 1:30:13]} 6. Nbd2 {[%clk 1:31:13]} Nbd7 {[%clk 1:29:47]} 7. O-O
{[%clk 1:27:28]} Qc7 {[%clk 1:29:50]} 8. b3 {[%clk 1:25:47]} e5 {[%clk 1:28:51]}
9. dxe5 {[%clk 1:25:51]} Nxe5 {[%clk 1:29:06]} 10. Qe2 {[%clk 1:23:23]} Bd6
{[%clk 1:27:25]} 11. Bb2 {[%clk 1:22:03]} Neg4 {[%clk 1:24:41]} 12. g3
{[%clk 1:19:16]} O-O-O {[%clk 1:23:51]} 13. c4 {[%clk 1:15:48]} Bc5
{[%clk 1:18:07]} 14. Bd4 {[%clk 1:07:58]} Bxd4 {[%clk 1:13:15]} 15. Nxd4
{[%clk 1:08:08]} Rhe8 {[%clk 1:12:15]} 16. c5 {[%clk 0:49:04]} h5
{[%clk 1:08:42]} 17. b4 {[%clk 0:42:19]} h4 {[%clk 1:07:20]} 18. Kg2
{[%clk 0:42:03]} hxg3 {[%clk 0:57:25]} 19. hxg3 {[%clk 0:42:30]} Qe5
{[%clk 0:55:16]} 20. Qf3 {[%clk 0:41:39]} g6 {[%clk 0:54:38]} 21. b5
{[%clk 0:40:16]} Qe7 {[%clk 0:51:59]} 22. bxc6 {[%clk 0:39:43]} Ne5
{[%clk 0:52:06]} 23. cxb7+ {[%clk 0:39:39]} Kb8 {[%clk 0:51:37]} 24. Qf4
{[%clk 0:39:22]} Kxb7 {[%clk 0:50:51]} 25. Rab1+ {[%clk 0:37:44]} Ka8
{[%clk 0:50:59]} 26. Rb3 {[%clk 0:35:53]} Nh5 {[%clk 0:45:42]} 27. Qh4
{[%clk 0:36:22]} Qxc5 {[%clk 0:45:12]} 28. Rfb1 {[%clk 0:30:31]} Rd7
{[%clk 0:40:38]} 29. g4 {[%clk 0:19:54]} Ng7 {[%clk 0:38:44]} 30. Qf6
{[%clk 0:20:02]} Nxg4 {[%clk 0:33:11]} 31. Qxg7 {[%clk 0:19:54]} Qc7
{[%clk 0:33:13]} 32. N2f3 {[%clk 0:18:24]} f5 {[%clk 0:32:36]} 33. Qxg6
{[%clk 0:13:17]} Rh8 {[%clk 0:32:21]} 34. Qc6+ {[%clk 0:13:13]} Qxc6
{[%clk 0:31:45]} 35. Nxc6 {[%clk 0:13:42]} Rg7 1-0